banner-ar

المفروشات القبطية فى العصر الاسلامى فى ضوء مجموعات المتحف القومى للحضارة المصرية / (Record no. 66980)

MARC details
000 -الفاتح
حقل البيانات ثابتة الطول 01215nam a2200265 4500
005 - وقت وتاريخ اخر تعامل مع التسجيلة
رقم الضبط 20240530110950.0
008 - عناصر البيانات ثابتة الطول - معلومات عامة
حقل البيانات ثابتة الطول 221212s2022 ua acf f b 000 0 ara d
017 ## - رقم الايداع القانونى
رقم الايداع القانونى 2022/3229
المصدر ( الهيئة المختصة) مصر. دار الكتب
020 ## - الرقم الدولى المعيارى للكتب
الرقم الدولى المعيارى للكتاب 9789776809840
040 ## - مصدر الفهرسة
وكالة الفهرسة الأصلية EG-CaGPL
وكالة النسخ EG-CaGPL
082 04 - رقم تصنيف ديوى العشرى
رقم الطبعة 21
رقم التصنيف 746.9
رقم المادة ق/أ م
100 0# - المدخل الرئيسى - إسم شخصى
الإسم الشخصى احمد عبدالحميد النمر
245 12 - بيان العنوان
العنوان المفروشات القبطية فى العصر الاسلامى فى ضوء مجموعات المتحف القومى للحضارة المصرية /
بيان المسئوليه,etc تاليف احمد عبدالحميد النمر ؛ تقديم اشرف البخشونجى
250 ## - بيان الطبعة
بيان الطبعة ط.1
260 ## - PUBLICATION, DISTRIBUTION, ETC. (IMPRINT)
تاريخ النشر أو التوزيع 2022.
300 ## - الوصف المادى
التعداد 298 ص. :
تفاصيل ماديه اخرى للوعاء ايض ؛
أبعاد الوعاء 24 سم.
504 ## - تبصرة ببليوجرافية
تبصرة ببليوجرافية,الخ يشتمل على ارجاعات ببليوجرافية
650 07 - المدخل الاضافى بالموضوع-مصطلح موضوعى
مصدر الرأس أو المصطلح qrmak
مصطلح موضوعي المفروشات القبطية
التقسيم الفرعي الجغرافي العصر الاسلامى
650 07 - المدخل الاضافى بالموضوع-مصطلح موضوعى
مصدر الرأس أو المصطلح qrmak
مصطلح موضوعي المنسوجات
التقسيم الفرعي الزمني العصر الاسلامى
650 07 - المدخل الاضافى بالموضوع-مصطلح موضوعى
مصدر الرأس أو المصطلح qrmak
مصطلح موضوعي السجاجيد
التقسيم الفرعي الزمني العصر الاسلامى
651 ## - المدخل الاضافى بالموضوع - اسم جغرافى
مصدر الرأس أو المصطلح qrmak
700 0# - المدخل الاضافى - اسم شخصى
الإسم الشخصى اشرف البخشونجى
الدور مقدم
942 ## - عناصر المدخل الإضافي( كوها)
مصدر التصنيف او مخطط الترفيف Dewey Decimal Classification
Koha [default] item type كتاب
260 ## - PUBLICATION, DISTRIBUTION, ETC. (IMPRINT)
-- القاهرة :
-- المؤسسة الدولية للكناب،
Holdings
حالة التراجع حالة الفقد حالة تلف ليس للاعارة المكان المؤقت الموقع الحالى موقع الترفيف تاريخ الاكتساب اجمالي اﻻعارات رقم الطلب الباركود تاريخ اخر مشاهدة تاريخ تفعيل السعر نوع وعاء كوها
        مكتبة القاهرة الكبرى مكتبة القاهرة الكبرى   12/12/2022   746.9 ق/أ م 168995 12/12/2022 12/12/2022 كتاب

Powered By

EGPV